000 01162nam a2200289 i 4500
001 93484
003 ES-MaACL
005 20250624062906.0
007 t|
008 050531s1964 sp ||||1| spa d
080 _a75 Vilacasas, Joan (083.82)
100 1 _aVilacasas, Joan.
_9114747
245 1 0 _aVilacasas
_b: [exposición, Sala de la Cacharrería del Ateneo de Madrid, marzo y abril de 1964] /
_c[Texto: Carlos-Antonio Areán y Gío Ponti].
260 _a[Madrid] :
_bPublicaciones Españolas,
_c[1964]
300 _a[14] p. :
_bprincipalmente il. n. ;
_c28 cm.
490 1 _aCuadernos de arte. Colección ordinaria ;
_v153
600 1 4 _aVilacasas, Joan-
_vExposiciones.
_9114748
610 2 7 _aAteneo de Madrid-
_vExposiciones-
_y1960-1969.
_91920
655 7 _2tgfbne
_9193628
_aCatálogos de exposiciones
700 1 _aAreán, Carlos,
_d1921-1996
_922562
700 1 _aPonti, Gio.
_993060
710 2 _aAteneo de Madrid.
_bSala de la Cacharrería.
_91963
830 0 _aCuadernos de arte. Colección ordinaria
_v153
_9180064
852 _aES-MaACL
_j2194-F-24
_996942
_bR.136134
_cDEPOF
942 _2udc
_cFOLLETOS
999 _c93484
_d93484